LEADER 01167nam a2200217 i 4500 001 000000231634 003 CaOOAMICUS 005 20140806000000.0 008 140806s1969 it u000 u ger u 013 $a210537 040 $aSeMil$bita 100 1 $aNötscher, Friedrich <1890-1966>.$0(OLS)http://semarc/name/78135 245 14$aDas Angesicht Gottes schauen, nach biblischer und babylonischer Auffassung /$cFriedrich Nötscher. Im Anhang: "Gott schauen" in der alttestamentlichen Religion / von Wolf Wilhelm Graf Baudissin. 250 $a2., durchgesehene und berichtigte Aufl., Reprograf. Nachdr. der 1. Aufl. Würzburg, 1924. 260 $aDarmstadt :$bWissenschaftliche Buchgesellschaft,$c1969. 300 $aVI, 261 p. ;$c22 cm. 700 1 $aWolf, Wilhelm Friedrich : von Baudissin <1847-1926>.$0(OLS)http://semarc/name/79693 850 $aSeMil 852 $aSeMil$W1$xVenegono$y1$m2Z II 112$j181980$B181980$CSeMilBibl$Z2$F192944 $81 996 $6245$aDas Angesicht Gottes schauen, nach biblischer und babylonischer Auffassung$9(OLS)http://semarc/title/330723 996 $6260$aDarmstadt :$bWissenschaftliche Buchgesellschaft$9(OLS)http://semarc/publisher/32002 LEADER 00689nam a2200181 i 4500 001 000000242002 003 CaOOAMICUS 005 20150525000000.0 008 150525s1838 it u000 u ita u 013 $a220907 040 $aSeMil$bita 245 10$aVol. 1. 300 $a412 p. 773 0 $aBourdaloue, Louis $tOpere complete di Bourdaloue.$dCremona : presso Luigi De Micheli, 1833-1838.$g28$w()31918 773 0 $aBourdaloue, Louis $tPensieri.$dCremona : presso Luigi De Micheli, 1838.$g1$w()31925 850 $aSeMil 852 $aSeMil$W1$xVenegono$y1$m3F I 430 FA$j192348$B192348$CSeMilBibl$Z2$F203171 $8I 996 $6245$aVol. 1$9(OLS)http://semarc/title/13429 LEADER 03522nam a2200433 i 4500 001 000000236914 003 CaOOAMICUS 005 20220128100245.0 008 141215s1685 it u000 u ita u 013 $a215819 026 $ea.re i-is lie- esse (3) 1685 (R)$dpt. 1 026 $eide. o.i- o.v. sclo (3) 1684 (R)$dpt. 2 040 $aSeMil$bita 100 1 $aPlatina .$0(OLS)http://semarc/name/3302 245 13$aLe vite de' Pontefici di Bartolomeo Platina cremonese dal Salvator Nostro fino a Innoc. 11. da Onofrio Panvinio ... Con le Annotationi del Panvinio, e con la Cronologia ecclesiastica dello stesso ... Aggiuntovi anco in quest'ultima impressione la Vita del Platina scritta diffusamente dal Sig. Nicol'Angelo Caferri romano .. 260 $aIn Venetia :$bAppresso Gio: Battista Brigna,$c1685. 300 $a2 pt. ([92], 792, [2]; 224 p.) :$bill. ;$c4°. 500 $aIll. xilogr. (ritratti) infratestuali. - Iniz., testatine, fregi xilogr. - Testo anche su due colonne 500 $aMarca editoriale: Un anello con diamante. In una cornice ovale. In alto su un nastro la scritta: Il diamante. (O656), sul front. pt. 1 ; Un anello con diamante. Su un nastro la scritta: Il diamante. In una cornice figurata. (O762), sul front. pt. 2. 500 $aContiene, con proprio front. datato 1634: La cronologia ecclesiastica del reverendo padre f. Honofrio Panuinio ... dall'imperio di Giulio Cesare dittatore fin' all'imperatore Cesare Massimiliano 2. d'Austria, Pio, Felice, Perpetuo, Augusto. Tradotta nuovamente dalla lingua latina nell'italiana, e supplita, & ampliata dal 1566. sin'a l'anno 1606. dal r.m. Bartolomeo Dionigi da Fano et dall'anno 1606. sin'all'anno 1641. da D. Lauro Testa, D. Domenico Belli, e D. Francesco Tomasucci. Dall'anno 1641. sin'a tutto il 1660. dal sig. caualier A. B. 500 $aSegn.: pg4 a-d8 e10 A-2Z8, [2]2A-2C8 2D4; A-F8 G16 H-N8 700 1 $aStringa, Giovanni,$d.$0(OLS)http://semarc/name/14387 700 1 $aPanvinio, Onofrio,$d<1530-1568>.$0(OLS)http://semarc/name/14388 700 1 $aDionigi, Bartolomeo,$d.$0(OLS)http://semarc/name/31219 700 1 $aTomasucci, Francesco .$0(OLS)http://semarc/name/80836 700 1 $aTesta, Lauro .$0(OLS)http://semarc/name/72255 700 1 $aBelli, Domenico .$0(OLS)http://semarc/name/80838 700 1 $aCaferri, Niccolò Angelo .$0(OLS)http://semarc/name/14389 700 1 $aBzowski, Abraham <1567-1637>.$0(OLS)http://semarc/name/80778 700 1 $aCiccarelli, Antonio < -m. 1599>.$0(OLS)http://semarc/name/68210 700 1 $aBrusoni, Girolamo .$0(OLS)http://semarc/name/80837 700 1 $aBagatta, Antonio,$c.$0(OLS)http://semarc/name/80835 700 1 $aBrigna, Giovanni Battista,$c.$0(OLS)http://semarc/name/3107 850 $aSeMil 852 $aSeMil$W1$xVenegono$y1$m3A V 71 FA$j187260$B187260$CSeMilBibl$Z2$F198119 $8I 961 $aAcquisto: Àncora (Libreria) 996 $6245$aLe vite de' Pontefici di Bartolomeo Platina cremonese dal Salvator Nostro fino a Innoc. 11. da Onofrio Panvinio ... Con le Annotationi del Panvinio, e con la Cronologia ecclesiastica dello stesso ... Aggiuntovi anco in quest'ultima impressione la Vita del Platina scritta diffusamente dal Sig. Nicol'Angelo Caferri romano ..$9(OLS)http://semarc/title/337617 996 $6260$aIn Venetia :$bAppresso Gio: Battista Brigna$9(OLS)http://semarc/publisher/54260 LEADER 01791nam a2200313 i 4500 001 000000256192 003 CaOOAMICUS 005 20171115000000.0 008 171115s2017 it u000 u spa u 013 $a235100 020 $a978-88-7839-373-8 040 $aSeMil$bita 100 1 $aMoreno Cubides, Wilson <1981- >.$0(OLS)http://semarc/name/94643 245 13$aLa apostolicidad de Pablo y el anuncio del Evangelio :$bestudio exegético-teológico de 1Cor 9,1-18 y Rom 1,1-17 /$cWilson Moreno Cubides. 260 $aRoma :$bPontificia Università Gregoriana,$c2017. 300 $a358 p. ;$c24 cm. 490 0 $aTesi Gregoriana. Serie Teologia ;$v235 650 4$aBibbia. Nuovo Testamento. Lettera ai Corinzi. 1. - Commentari, studi, critica, interpretazioni.$0(OLS)http://semarc/subject/171 650 4$aBibbia. Nuovo Testamento. Lettera ai Romani - Commentari, studi, critica, interpretazioni.$0(OLS)http://semarc/subject/31 650 4$aBibbia - NT - 1 Corinzi 9,1-18.$0(OLS)http://semarc/subject/46996 650 4$aBibbia - NT - Lettere ai Romani 1,1-17.$0(OLS)http://semarc/subject/46997 650 4$aPaolo - Apostolicità.$0(OLS)http://semarc/subject/46998 830 0$aTesi Gregoriana. Serie Teologia ;$v235.$0(OLS)http://semarc/title/351 850 $aSeMil 852 $aSeMil$W1$xVenegono$y1$m2M VI 335$j206538$B206538$CSeMilBibl$Z2$F219918 $81 961 $aSottoscrizione: Pontificia Università Gregoriana 996 $6020$a978-88-7839-373-8$9(OLS)http://semarc/number/280445 996 $6245$aLa apostolicidad de Pablo y el anuncio del Evangelio :$bestudio exegético-teológico de 1Cor 9,1-18 y Rom 1,1-17$9(OLS)http://semarc/title/412155 996 $6260$aRoma :$bPontificia Università Gregoriana$9(OLS)http://semarc/publisher/29750